Quizzes
Events
Quiz Creation
Community
Videos
Private Events
Remove Ads
Sign In
Join for FREE
Feedback
Dark Mode
Quiz Categories
Sports
Geography
Music
Movies
Television
Just For Fun
Miscellaneous
History
Literature
Language
Science
Gaming
Entertainment
Religion
Holiday
For Kids
Quiz Lab
Recent
Popular Today
Quiz Kudos Today
Editor Picks
Curator Picks
Quizzes by...
Day
Popularity
Type
Ratings
Length
Year
Community
Subscriptions
Recent Discussions
Orange Saloon
Badges
Playlists
Quests
Create
Leaderboards
Showdown
Live 5
Trivia Bingo
Activity
Puzzle Library
Sporcle Events
Private Events
Virtual Trivia
Globe League
Become a Host
Pub Owners
SporcleCon
Opinionation
Our Games
Videos
Blog
Mobile Apps
Partnerships
Remove Ads and Go Orange
Feedback
Sports
Athletes
MLB
NBA
NHL
NFL
Soccer
Sports Teams
WWE
NCAA
Football
Premier League
Basketball
Baseball
Hockey
Golf
Tennis
Cricket
Rugby
Auto Racing
Olympics
World Cup
Sports
Athletes
MLB
NBA
NHL
NFL
Soccer
Sports Teams
WWE
NCAA
Football
Premier League
Basketball
Baseball
Hockey
Golf
Tennis
Cricket
Rugby
Auto Racing
Olympics
World Cup
Random Quiz
Search Sporcle
×
Quiz Lab
Quiz Lab
Sports
POTY
Type in answers that appear in a list
Type in answers that appear in a list
Classic
Best Score? Go Orange.
PGA POTY Alltime Stats
Can you name the every PGA Tour Player of the Year?
By
candle17
10m
61 Questions
234 Plays
234 Plays
234 Plays
Comments
Comments
Give Quiz Kudos
Give Quiz Kudos
-
- Ratings
hide this ad
More Info
Replay
Link that replays current quiz
Next Quiz
Link to next quiz in quiz playlist
You Got
0%
They Got
Avg Score
61%
Avg Friend Score
Upgrade to see
Score Distribution
Jump to the score distribution portion of the page
Score
0/61
Timer
10:00
0
Plays Today
Date
Player
% Correct
2009
Tiger Woods
100%
2007
Tiger Woods
100%
2006
Tiger Woods
100%
2005
Tiger Woods
100%
2003
Tiger Woods
100%
2002
Tiger Woods
100%
2001
Tiger Woods
100%
2000
Tiger Woods
100%
1999
Tiger Woods
100%
1997
Tiger Woods
100%
1976
Jack Nicklaus
95.7%
1975
Jack Nicklaus
95.7%
1973
Jack Nicklaus
95.7%
1972
Jack Nicklaus
95.7%
1967
Jack Nicklaus
95.7%
1962
Arnold Palmer
94%
1960
Arnold Palmer
94%
2004
Vijay Singh
93.6%
1984
Tom Watson
80.8%
1982
Tom Watson
80.8%
1980
Tom Watson
80.8%
1979
Tom Watson
80.8%
1978
Tom Watson
80.8%
1977
Tom Watson
80.8%
1953
Ben Hogan
78.2%
1951
Ben Hogan
78.2%
1950
Ben Hogan
78.2%
1948
Ben Hogan
78.2%
1995
Greg Norman
77.4%
1990
Nick Faldo
76.5%
2008
Padraig Harrington
71.4%
Date
Player
% Correct
1992
Fred Couples
70.5%
1971
Lee Trevino
70.1%
1949
Sam Snead
67.9%
1998
Mark O'Meara
64.5%
1994
Nick Price
61.5%
1993
Nick Price
61.5%
1989
Tom Kite
55.6%
1988
Curtis Strange
51.7%
1974
Johnny Miller
46.2%
1996
Tom Lehman
40.6%
1991
Corey Pavin
40.2%
1970
Billy Casper
39.7%
1966
Billy Casper
39.7%
1987
Paul Azinger
32.9%
1986
Bob Tway
23.9%
1983
Hal Sutton
23.9%
1985
Lanny Wadkins
21.4%
1964
Ken Venturi
20.1%
1963
Julius Boros
18.8%
1952
Julius Boros
18.8%
1981
Bill Rogers
18.4%
1969
Orville Moody
16.2%
1955
Doug Ford
13.2%
1958
Dow Finsterwald
12.4%
1956
Jack Burke, Jr.
12%
1959
Art Wall, Jr.
11.1%
1961
Jerry Barber
9%
1965
Dave Marr
7.3%
1957
Dick Mayer
7.3%
1954
Ed Furgol
6%
Quiz Playlist
Details
Report
Send in Message
Add To Playlist
More Info:
no award was given out in 1968.
Classic:
Type in answers that appear in a list
Quiz Source
Last Updated: Feb 16, 2017
Quiz Scoreboard
CHALLENGE
Sign Up to Join the Scoreboard
Show All
Scores
Hide
Comments
May contain spoilers
Recently Published
NBA Finals Game Top Scorers (2010s)
by flibbidy
Sports
5m
Guess the 'R' Things in 3 Words
by MSUKent
Miscellaneous
3m
Actor to Badly Drawn Movie III
by MoMosMoProblems
Movies
5m
More to Explore
Quiz From the Vault
Featured Blog Post
Where Does Lost Luggage Go?
hide this ad
You Might Also Like...
Tags
All Time
date
PGA
Player
POTY
tour
Today's Top Quizzes in Sports
Browse Sports
hide this ad
Today's Top Quizzes in POTY
Browse POTY
Top Contributed Quizzes in Sports
1
Les joueurs à 100 buts en Ligue 1 Uber Eats
2
2022 World Cup Stars
3
2024 March Madness Bracket
4
Millionaire: NBA Finals Edition
5
Players with Multiple 50 Home Run Seasons
6
Criteria MLB: Left Handed Sluggers
7
Nickname Match: Athletes VI
8
Iconic Moments in Football - Multiple Choice
9
NFL MVPs ordered
10
NBA Championships Per City
Explore More
Trending Topics
NBA
Kpop
Marvel
Anime
Disney
Harry Potter
Crossword
NFL
Soccer
The Office
WWE
Country
Pokémon
Puzzle
Song
hide this ad
More By:
candle17
Quiz
Plays
Rating
Category
Featured
Created
NFL - Super Bowl QBs
396
3.00
Sports
Apr 6, 2010
MLB 09-10: Top 20 Shortstops
329
1.00
Sports
Mar 27, 2010
PGA POTY Alltime
234
5.00
Sports
Mar 31, 2010
Go to Creator's Profile
Score Distribution
Quiz Creator Spotlight
candle17
Follow
Send a Message
Quizzes Created
-
Created Quiz Play Count
-
More By This Creator
Popular Quizzes Today
1
Find the US States - No Outlines Minefield
2
Find the US States
3
The Countries of the World
4
10 Largest US States in Order
5
Find the Countries of Europe - No Outlines Minefield
6
US States
7
Guess the 'R' Things in 3 Words
8
NBA Finals Game Top Scorers (2010s)
More Sports Quizzes
PGA Championship: Wire to Wire Winners
Published
Trending Quizzes
First Name TV: Leading Men
Match the Book to the Film II
First Name TV: Leading Women Drama
Match the Book to the Film VI
Pick A Pair: Religious TV
Recently Updated
Women's Final Four Teams by Year
bhenderson79
Presidents Quartet II
eogle
Anything But Clue(do)
eogle
Anything But Oceanian Capitals
eogle
Anything But 7
eogle
Anything But Thing
eogle
Word Ladder: February 29
pecheneg
Song Title Questions
pecheneg
Women's NCAA Tournament #1 Seeds
pecheneg
Celebrity Mug Shots
pecheneg
Trending Topics
Anime
Crossword
Harry Potter
Marvel
Kpop
Disney
NBA
WWE
Pokémon
Puzzle
Song
NFL
Soccer
The Office
Country
Your Account Isn't Verified!
In order to create a playlist on Sporcle, you need to verify the email address you used during registration. Go to your
Sporcle Settings
to finish the process.
Report this User
Report this user for behavior that violates our
Community Guidelines
.
Details:
Send Report
Go to the Sporcle.com Mobile Site →
Comments